Guess The Female Pop Stars By The Emojis - Statistics

General Stats
  • This quiz has been taken 185 times
  • The average score is 5 of 6
Answer Stats
Hint Answer % Correct
๐Ÿซถ๐Ÿ๐Ÿชฉ๐Ÿงฃ Taylor Swift
92%
๐Ÿ’‹โ˜•๏ธโœจ๐ŸŽ€ Sabrina Carpenter
90%
๐Ÿ’œ๐ŸŽธ๐ŸŽง๐Ÿฆ‹ Olivia Rodrigo
83%
๐Ÿ–ค๐Ÿ’š๐Ÿ‘”๐Ÿงข Billie Eilish
75%
โ˜๏ธ๐Ÿ’๐Ÿซง๐Ÿช Ariana Grande
60%
๐Ÿ’š๐ŸŽ๐Ÿ’ฟ๐Ÿ’ป Charli XCX
60%
No matching quizzes found
Score Distribution
Percent of People with Each Score
Percentile by Number Answered
Your Score History
You have not taken this quiz